Ends with 'Z' Quiz Stats

 Plays Quiz Updated Nov 12, 2018

Support Sporcle.
Go Orange.
Score 0/24 Timer 05:00
63 Plays Today
Hint Word % Correct
You're taking one right nowQuiz
88.2%
A low, continuous humming sound, as of beesBuzz
85.1%
A clumsy, awkward, or stupid personKlutz
81.1%
Music created by African Americans in the early 1900sJazz
77.6%
November birthstone that can be found in many colorsTopaz
75%
With Mercedes, builds carsBenz
71.3%
Fictional land created by L. Frank BaumOz
68.9%
A ballroom and folk dance in 3/4 timeWaltz
67.3%
Ostentatious, pretentious display, or a brand of crackersRitz
61.7%
Archduke Ferdinand or 'pumped-up' friend of HansFranz
59.2%
Outfielder Manny or shortstop HanleyRamírez
58.3%
A unit of frequency equal to one cycle per secondHertz
54.8%
Hint Word % Correct
A felt hat in the shape of a truncated coneFez
52.5%
Energy, vitality, vigor, or flairPizazz
49.6%
Cuban boy Elián at the center of controversy in 2000González
46%
Mineral found in Earth's crust made of silicon and oxygenQuartz
42.7%
Loose, light, fibrous, or fluffy matterFuzz
41.7%
Large Iranian city or popular Australia wine varietyShiraz
32.2%
A traditionally agricultural Israeli community settlementKibbutz
22.5%
Axe-like tool with a curved blade, used to shape woodAdz
19.8%
Thin Eastern European pancake that is baked or friedBlintz
18.8%
Soviet (now Russian) human spaceflight programSoyuz
11.7%
Province in southwestern Spain, or its capital cityCádiz
11.5%
State on Mexico's eastern coast, or its largest cityVeracruz
7%

From the Vault

24 Characters by Picture

by enough

We're happy to welcome back 24 for another run. We're still convinced everyone is a mole.
Remove Ads.
Support Sporcle.
Get the best of Sporcle when you Go Orange. This ad-free experience offers more features, more stats, and more fun while also helping to support Sporcle. Thank you for becoming a member.

Show Comments

Extras

Top Quizzes Today


Score Distribution

Your Account Isn't Verified!

In order to create a playlist on Sporcle, you need to verify the email address you used during registration. Go to your Sporcle Settings to finish the process.

Report this User

Report this user for behavior that violates our Community Guidelines.

Details: